000 00889cam a2200265 i 4500
001 3167
005 20250815094001.0
020 _a059008531X
040 _aDLC
_cDLC
_dDLC
_beng
050 0 0 _a551.576
082 0 0 _aQC921.D46
100 1 _aDePaola, Tomie
245 1 4 _aThe cloud book :
_bwords and pictures /
_cby De Paola, Tomie
260 _aNew York :
_bScholastic,
_c1975
300 _a30 pages :
_bcolor illustrations ;
_c23 cm.
500 _aIncludes index.
505 _aQ
520 _aIntroduces the ten most common types of clouds, the myths that have been inspired by their shapes, and what they can tell about coming weather changes.
521 _a680
_bLexile
521 _aQ
_bRaz-Plus
650 0 _aClouds
_vJuvenile literature
650 1 _aClouds.
_vJuvenile literature
906 _a7
_bcbc
_corignew
_d1
_eocip
_f19
_gy-gencatlg
942 _2ddc
_cBK
_n0
999 _c3167
_d3167